000 00505nam a22001697a 4500
003 BD-ChCU
005 20260111113232.0
008 260111b bg ||||| |||| 00| 0 ben d
040 _cBD-ChCU
082 _a595.147 STP
100 _aStrelzov,, V. E.
_918900
245 _aPolychaete worms of the family paraonidae cerruti, 1909, polychaeta, sedentaria.
_cV. E. Strelzov.
260 _aNew Delhi.
_bOxonian Press.
_c1979
300 _axix, 212p
650 0 _bInvertebrates.
_918902
942 _2ddc
_cBK
_n0
999 _c110861
_d110861